<?xml version="1.0" encoding="UTF-8"?>
<record
    xmlns:xsi="http://www.w3.org/2001/XMLSchema-instance"
    xsi:schemaLocation="http://www.loc.gov/MARC21/slim http://www.loc.gov/standards/marcxml/schema/MARC21slim.xsd"
    xmlns="http://www.loc.gov/MARC21/slim">

  <leader>00741cam a22002171  4500</leader>
  <controlfield tag="001">agr40000611 </controlfield>
  <controlfield tag="003">DLC</controlfield>
  <controlfield tag="005">20260227110959.0</controlfield>
  <controlfield tag="008">771208s1938    fr af    b    000 0 fre  </controlfield>
  <datafield tag="010" ind1=" " ind2=" ">
    <subfield code="a">agr40000611 </subfield>
  </datafield>
  <datafield tag="035" ind1=" " ind2=" ">
    <subfield code="a">(OCoLC)3471977</subfield>
  </datafield>
  <datafield tag="040" ind1=" " ind2=" ">
    <subfield code="a">DLC</subfield>
    <subfield code="c">ViU</subfield>
    <subfield code="d">DLC</subfield>
  </datafield>
  <datafield tag="050" ind1="0" ind2="0">
    <subfield code="a">QK629.A4</subfield>
    <subfield code="b">K82</subfield>
  </datafield>
  <datafield tag="100" ind1="1" ind2=" ">
    <subfield code="a">K&#xFC;hner, Robert,</subfield>
    <subfield code="d">1903-1996.</subfield>
  </datafield>
  <datafield tag="245" ind1="1" ind2="3">
    <subfield code="a">Le genre Mycena (Fries)</subfield>
    <subfield code="b">&#xC9;tude cytologique et syst&#xE9;matique des esp&#xE8;ces d'Europe et d'Am&#xE9;rique du Nord,</subfield>
    <subfield code="c">par Robert K&#xFC;hner. Pr&#xE9;face du dr. Ren&#xE9; Maire.</subfield>
  </datafield>
  <datafield tag="260" ind1=" " ind2=" ">
    <subfield code="a">Paris,</subfield>
    <subfield code="b">P. Lechevalier,</subfield>
    <subfield code="c">1938.</subfield>
  </datafield>
  <datafield tag="300" ind1=" " ind2=" ">
    <subfield code="a">710 p.</subfield>
    <subfield code="b">illus., 16 plates.</subfield>
    <subfield code="c">26 cm.</subfield>
  </datafield>
  <datafield tag="440" ind1=" " ind2="0">
    <subfield code="a">Encyclop&#xE9;die mycologique,</subfield>
    <subfield code="v">10</subfield>
  </datafield>
  <datafield tag="504" ind1=" " ind2=" ">
    <subfield code="a">"Index bibliographique": p. [691]-694.</subfield>
  </datafield>
  <datafield tag="650" ind1=" " ind2="0">
    <subfield code="a">Mycenas.</subfield>
  </datafield>
  <datafield tag="999" ind1=" " ind2=" ">
    <subfield code="c">10061</subfield>
    <subfield code="d">10061</subfield>
  </datafield>
</record>
